The essays of Elia / (Record no. 156954)

MARC details
000 -LEADER
campo de control de longitud fija 00809nam a2200229 i 4500
001 - NÚMERO DE CONTROL
campo de control 156954
003 - IDENTIFICADOR DE NÚMERO DE CONTROL
campo de control ES-MaACL
005 - FECHA Y HORA DE LA ÚLTIMA TRANSACCIÓN
campo de control 20230906210535.0
008 - DATOS DE LONGITUD FIJA--INFORMACIÓN GENERAL
campo de control de longitud fija 040805q18901905xxk |||| | eng d
040 ## - FUENTE DE CATALOGACIÓN
Centro catalogador/agencia de origen CAM
Lengua de catalogación spa
Centro/agencia transcriptor CAM
100 1# - ENTRADA PRINCIPAL--NOMBRE DE PERSONA
Nombre de persona Lamb, Charles.
9 (RLIN) 69793
245 14 - MENCIÓN DEL TÍTULO
Título The essays of Elia /
Mención de responsabilidad, etc. by Charles Lamb.
260 ## - PUBLICACIÓN, DISTRIBUCIÓN, ETC.
Lugar de publicación, distribución, etc. London :
Nombre del editor, distribuidor, etc. George Routledge & Sons ;
Lugar de publicación, distribución, etc. New York :
Nombre del editor, distribuidor, etc. E.P. Dutton & Co.,
Fecha de publicación, distribución, etc. [s.a.] (
Lugar de fabricación/manufactura Edimburgh :
Fabricante printed by M'Laren and Co.)
300 ## - DESCRIPCIÓN FÍSICA
Extensión XII, 368 p. ;
Dimensiones 16 cm.
490 1# - MENCIÓN DE SERIE
Mención de serie The new universal library
490 1# - MENCIÓN DE SERIE
Mención de serie The works of Charles Lamb ;
Designación de volumen o secuencia 1
596 ## - NOTA AL PIE DE IMPRENTA
NOTA AL PIE DE IMPRENTA Probablemente imp. ca. 1895-1905.
830 0# - PUNTO DE ACCESO ADICIONAL DE SERIE-TÍTULO UNIFORME
Título uniforme The new universal library
9 (RLIN) 187927
830 0# - PUNTO DE ACCESO ADICIONAL DE SERIE-TÍTULO UNIFORME
Título uniforme The works of Charles Lamb ;
Designación de volumen o secuencia 1
9 (RLIN) 221735
852 ## - LOCALIZACIÓN
Ubicación ES-MaACL
Número de control de estantería G-14921
Nota libre -- Enc. tela
Holdings
Estatus retirado Estado de pérdida Estado de daño No para préstamo Biblioteca de origen Biblioteca actual Ubicación en estantería Fecha de adquisición Fuente de adquisición Total de préstamos Signatura topográfica completa Código de barras Visto por última vez Precio de reemplazo Tipo de ítem Koha
        Biblioteca del Ateneo de Madrid Biblioteca del Ateneo de Madrid Sala Pecera Planta 3 17/01/2008     G-14921 1164217 23/02/2023 23/02/2023 Libro impreso